| 000 | 01047nam a22002897a 4500 | ||
|---|---|---|---|
| 999 |
_c31376 _d31373 |
||
| 003 | OSt | ||
| 005 | 20190204074228.0 | ||
| 008 | 190204b ||||| |||| 00| 0 eng d | ||
| 010 | _a 98023169 | ||
| 020 | _a1569020612 (pbk.) | ||
| 020 | _a1569020604 (hardcover) | ||
| 040 |
_aMMU _cMMU _dMMU _beng |
||
| 043 | _af-et--- | ||
| 050 | 0 | 0 |
_aS625.E86 _bY47 1998 |
| 082 | 0 | 0 |
_a333.76/137/0963 _221 |
| 100 | 0 | _aYeraswork Admassie. | |
| 245 | 1 | 0 |
_aTwenty years to nowhere : _bproperty rights, land management and conservation in Ethiopia / _cYeraswork Admassie. |
| 260 |
_aLawrenceville, NJ : _bRed Sea Press, _cc2000. |
||
| 300 |
_axxxii, 347 p. : _bill., maps ; _c23 cm. |
||
| 504 | _aIncludes bibliographical references (p. [329]-341) and index. | ||
| 650 | 0 |
_aSoil conservation _xGovernment policy _zEthiopia. |
|
| 650 | 0 |
_aAfforestation _zGovernment policy _xEthiopia. |
|
| 650 | 0 |
_aAgriculture and state _zEthiopia. |
|
| 650 | 0 |
_aLand degradation _zEthiopia. |
|
| 650 | 0 |
_aLand tenure _xGovernment policy _zEthiopia. |
|
| 942 |
_2lcc _cLOAN LOAN |
||